Výkaz peňežných toků. 1.
Tradičný spôsob finančného výkazníctva a jeho nedostatky. Stručný prehľad doterajšieho vývoja. Fondy finančných prostriedkov. Tokové veličiny a forma výkazu o finančných tokoch.
Salvato in:
| Autore principale: | |
|---|---|
| Natura: | Capitolo di libro |
| Lingua: | ceco |
| Soggetti: | |
| Tags: |
Nessun Tag, puoi essere il primo ad aggiungerne!!
|
MARC
| LEADER | 00000naa a2200000 4500 | ||
|---|---|---|---|
| 001 | r011842 | ||
| 005 | 20220831091034.9 | ||
| 041 | 0 | |a cze | |
| 044 | |a [CS] | ||
| 245 | 1 | 0 | |a Výkaz peňežných toků. 1. |c R. Schroll |
| 520 | |a Tradičný spôsob finančného výkazníctva a jeho nedostatky. Stručný prehľad doterajšieho vývoja. Fondy finančných prostriedkov. Tokové veličiny a forma výkazu o finančných tokoch. | ||
| 610 | 2 | 0 | |a výkazy účtovné |
| 610 | 2 | 0 | |a prostriedky peňažné |
| 610 | 2 | 0 | |a financovanie |
| 610 | 2 | 0 | |a cash flow |
| 610 | 2 | 0 | |a súvaha |
| 610 | 2 | 0 | |a zisk |
| 100 | 1 | |a Schroll, R. | |